000 00894nam a2200277 i 4500
003 DO-SdBNP
005 20240412101819.0
007 ta
008 240412b2007 dr abc|| |||| 00| 0 spa d
020 _a8477828563
040 _aDO-SdBNP
_bspa
_cBNPHU
_erda
041 1 7 _heng
082 4 _222
100 _aPérez Montás, Eugenio,
_913156
_eautor
245 1 3 _aLa ciudad del ozama :
_b500 años de historia urbana /
_cEugenio Pérez Montás ; coordinación, José Chez Checo
250 _a4a edición
264 1 _aSanto Domingo :
_bLibrería Cuesta,
_c1998.
300 _a555 páginas :
_bilustraciones, mapas, retratos ;
_c31 cm.
336 _2rdacontent
_atexto
_btxt
337 _2rdamedia
_asin mediación
_bn
338 _2rdacarrier
_avolumen
_bnc
590 _aInventariado, 2024/BT
700 _aChez Checo, José,
_ecoordinación
_980381
910 _aBtavárez
942 _2ddc
_cLBS1
999 _c56365
_d56365